Apología de Sócrates

সংরক্ষণ করুন:
গ্রন্থ-পঞ্জীর বিবরন
প্রধান লেখক: Platón (Author)
বিন্যাস: গ্রন্থ
ভাষা:স্প্যানিশ
প্রকাশিত: Buenos Aires Universitaria 1976
সংস্করন:3a. ed
মালা:Colección los Fundamentales
বিষয়গুলি:
ট্যাগগুলো: ট্যাগ যুক্ত করুন
কোনো ট্যাগ নেই, প্রথমজন হিসাবে ট্যাগ করুন!

MARC

LEADER 00000nam a2200000 a 4500
001 UCH6751
003 CL-VaPUC
008 091109e19760000AG |||||||||||||||||spa|d
082 0 4 |a 183.2  |b PLA  |2 21 
100 0 |a Platón  |e author  |9 222 
245 1 0 |a Apología de Sócrates 
250 |a 3a. ed 
300 |a 189 p 
942 |c BK 
945 |d 20091109 00:00:00  |a lazolas 
260 |a Buenos Aires  |b Universitaria  |c 1976 
600 0 |a Sócrates  |9 266368 
583 |a last modification  |c 20091109 00:00:00  |k Rodrigo Vera 
490 0 |a Colección los Fundamentales 
999 |c 337579  |d 337577